Las personas mayores de 40 años : análisis de acciones subvencionadas por el Fondo Social Europeo Objectivo 3 que han beneficiado a este colectivo en el período 1994-1997 análisis de acciones subvencionadas por el Fondo Social Europeo Objectivo 3 que han beneficiado a este colectivo en el período 1994-1997
Descripción Física:
87 p : taules ; 24 cm
Colección:
Cuadernos del Fondo Social Europeo ; 5
Materias:
Persones de mitjana edat -- Treball
MARC
| LEADER | 00000nam a2200000Ia 4500 | ||
|---|---|---|---|
| 001 | 13422 | ||
| 008 | 160829s1999 xx 000 0 cat d | ||
| 080 | |a S-1-149 | ||
| 245 | |a Las personas mayores de 40 años : |b análisis de acciones subvencionadas por el Fondo Social Europeo Objectivo 3 que han beneficiado a este colectivo en el período 1994-1997 | ||
| 250 | |a Ed. no venal | ||
| 260 | |a Barcelona : |b Diputació de Barcelona, |c 1999 | ||
| 300 | |a 87 p : |b taules ; |c 24 cm | ||
| 490 | |a Cuadernos del Fondo Social Europeo ; 5 | ||
| 590 | |a Annexos | ||
| 650 | |a Persones de mitjana edat |x Treball |9 39637 | ||
| 710 | 1 | |a Barcelona (Catalunya : Província). |b Diputació |9 52408 | |
| 710 | 2 | |a Fons Social Europeu |9 7014 | |
| 901 | |a Arxiu | ||
| 942 | |n 1 | ||
| 952 | |0 0 |1 0 |4 0 |6 S1149 |7 1 |9 49130 |a Arxiu |b Arxiu |d 2016-12-01 |l 0 |o S-1-149 |p 13422 |r 2016-12-01 00:00:00 |w 2016-12-01 |y ARXIU | ||
| 999 | |c 52969 |d 52969 | ||